000 00691nam a2200289Ia 4500
005 20260324122055.0
008 008 260324s9999 xx 000 0 eng d
020 _a9781315572673
037 _aEBOOK
040 _aCRL
040 _beng
040 _cCRL
041 _2eng
041 _aeng
084 _qCRL
100 _aGreg Park
_91165006
245 0 _aCollaborative Wisdom
245 0 _bFrom Pervasive Logic to Effective Operational Leadership
260 _bTaylor and Francis
260 _c2013
365 _a
365 _b240
856 _uhttp://www.taylorfrancis.com/books/9781315572673
942 _cEBOOK
999 _c1757487
_d1757487